000 02168nam0a2200385 4500
001 RU\NLR\BIBL_A\012371639
005 20201013164138.0
010 _a978-5-00109-933-8
_9500
021 _aRU
_bКН-П-20-035397
_9КН-П-20-2698
035 _a(NLR Aleph) 012371639
035 _a(RuMoRGB)010359778
090 _a11578749
_c11578749
100 _a20201007d2020 k y0rusy50 ca
101 0 _arus
_deng
102 _aRU
105 _ay|||z|||100zy
181 0 _ai
_baxxe
182 0 _an
200 1 _aРеформирование российского законодательства: проблемы, тенденции, перспективы
_eсборник статей Международной научно-практической конференции, 15 февраля 2020 г., [г. Уфа]
_fНаучно-издательский центр Аэтерна
_g[ответственный редактор: Сукиасян Асатур Альбертович, кандидат экономических наук]
203 _aТекст
_bвизуальный
_cнепосредственный
210 _aУфа
_cАэтерна
_d2020
215 _a37 с.
_cил.
_d21
300 _aРез. англ.
320 _aБиблиогр. в конце ст.
606 1 _aПраво
_jСъезды, совещания и т.п
_yРоссийская Федерация
_92070216
_3RU\NLR\AUTH\661244932
686 1 _aХ62я431
702 1 _aСукиасян
_bА. А.
_gАсатур Альбертович
_4340
711 1 2 _a"Реформирование российского законодательства: проблемы, тенденции, перспективы", международная научно-практическая конференция
_eУфа
_f2020
_9718088
_3RU\NLR\AUTH\880528236
712 0 2 _4475
_a"Аэтерна", научно-издательский центр
_cУфа
_9475081
_3RU\NLR\AUTH\880404035
942 _cBOOK
980 _aNBR
980 _aNB